Представление документа в формате RUSMARC

ПолеНазваниеЗначение
  Тип записи a
  Библиографический уровень m
001 Контрольный номер RU/CBS_UL/BASE/0a1f7c3e96dd4cfc8f226d57e32ae9ce
005 Дата корректировки 20260429143155.5
010 Индекс ISBN __
a ISBN 978-5-91761-234-8
b Уточнения в пер.
d Цена 240 р. 00 к.
9 Тираж 4 000 экз.
100 Данные общей обработки __
a Данные общей обработки 20260429d 0rusy0189## ca
101 Язык документа 0_
a Язык текста rus
102 Страна публикации __
a Страна публикации RU
200 Заглавие и сведения об ответственности 1_
a Заглавие Введение в традицию
e Сведения, относящиеся к заглавию пособие в помощь родителям и педагогам
f Первые сведения об ответственности А. Абрамова
210 Выходные данные 1_
a Место издания Москва
c Издательство Никея
d Дата издания 2014
215 Физическое описание __
a Объем 201, [3] с.
c Иллюстрации/тип воспроизводства ил.
d Формат 22 см.
300 Общие примечания __
a Общие примечания Авторская программа занятий с детьми
300 Общие примечания __
a Общие примечания 0+
606 Тематические рубрики 0_
a Основная рубрика Нравственное воспитание
610 Ключевые слова 0_
a Ключевые слова педагогика; нравственное воспитание детей; пособия методические; авторские методики; игры развивающие; детские студии, развивающие игры, обучающие игры, домашние занятия, рекомендации родителям; организация досуга детей; воспитание детей; творческие задания
686 Индексы других классификаций __
2 Код системы rubbk
a Классификационный индекс 74.200.51
700 Автор _1
a Фамилия Абрамова
b Имя (инициалы) А.
g Полное личное имя Анастасия
801 Источник записи _0
a Страна RU
b Организация МБУК ЦБС г. Ульяновска
c Дата составления 20260429
g Правила каталогизации RCR
801 Источник записи _1
a Страна RU
b Организация МБУК ЦБС г. Ульяновска
c Дата составления 20260429
g Правила каталогизации RCR
852 Данные о местонахождении __
i Авторский знак А 16
j Шифр хранения 74.200
900 Электронные ресурсы __
a Имя электронного ресурса а. абрамова введение
901 Тип документа __
t Тип документа m
909 Создатель записи __
a Создатель записи obr2
b Дата создания записи 20260429